00342nam a2200121Ia 4500008004100000041000800041082001700049100001800066245004500084260004800129300003200177365001100209240624s9999 xx 000 0 und d aeng a658.4052 MOV aMOVIUS HALLAM aBUILT TO WIN CREATING A WORLD CLASS NEGO c2009aBostonbHarvard Business School Press aviii, : 212 : p. : cm. ; 23 cRSb30